00310nam a22001457a 450000500170000002000180001704100120003508200190004710000190006624500280008525000070011326000250012030000080014536500110015320211214172126.0 a9789353436384 aEnglish a370.15 Q19 WOO aAnita Woolfolk aEducational Psychology  114 aDelhiPPearsonc2019 a670 b730.00